000 00819nam a22002417a 4500
999 _c181021
_d181021
010 _aENG-116541 B-741402
020 _a9788125060802
_c72.00
035 _aEN-100073
035 _aB-741402
037 _bDBAD/PUB
037 _bGift
082 _a480
245 _aFluency in english I :
_cedited by Promodini Varma , Mukti Sanyal [and] Tulika Prasad
260 _aNew Delhi
_bOrient blackswan
_c2016
270 _a1/24 Asaf Ali Road ,
_bNew Delhi
_e110002
_mdelhi@orientblackswan.com
300 _ax,149p.
_c21cm (Hb)
500 _a
700 _a Varma,Promodini
700 _aSanyal,Mukti
700 _aPrasad,Tulika
942 _2ddc
_cEN
_h480
_mFLU